000 00379nam a2200133Ia 4500
008 230411s9999 xx 000 0 und d
041 _aeng
082 _aMS/610.73677/WIL/HOP/B07300
100 _aWilliams Linda & Hopper Paula
245 _aUnderstanding Medical Surgical Nursing
260 _bJaypee Brothers
_aNew Delhi
_c2012
300 _a1460p
999 _c157437
_d157437